[Event "1st Qinhuangdao Open"]
[Site "Qinhuangdao CHN"]
[Date "2011.10.02"]
[Round "2"]
[White "Batchuluun, Tsegmed"]
[Black "Nguyen, Ngoc Truong Son"]
[Result "1/2-1/2"]
[WhiteTitle "IM"]
[BlackTitle "GM"]
[WhiteElo "2435"]
[BlackElo "2644"]
[WhiteFideId "4900847"]
[BlackFideId "12401110"]
[EventDate "2011.10.01"]

1. d4 d5 2. c4 c6 3. Nf3 Nf6 4. e3 Bf5 5. Nc3 e6 6. Nh4 Bg6 7. Nxg6 hxg6 8. a3
Nbd7 9. g3 Be7 10. b3 e5 11. Bg2 exd4 12. exd4 dxc4 13. bxc4 Qa5 14. Bd2 Qa6 15.
Qa4 Qxa4 16. Nxa4 O-O-O 17. Ba5 Rde8 18. O-O Bd8 19. Bb4 Ne4 1/2-1/2

[Event "1st Qinhuangdao Open"]
[Site "Qinhuangdao CHN"]
[Date "2011.10.02"]
[Round "2"]
[White "Ma, Qun"]
[Black "Ding, Liren"]
[Result "1-0"]
[BlackTitle "GM"]
[WhiteElo "2455"]
[BlackElo "2659"]
[WhiteFideId "8603154"]
[BlackFideId "8603677"]
[EventDate "2011.10.01"]

1. e4 c5 2. Nf3 e6 3. d4 cxd4 4. Nxd4 a6 5. Bd3 Nf6 6. O-O d6 7. c4 b6 8. Nc3
Bb7 9. Qe2 Nbd7 10. Rd1 Be7 11. Nf3 O-O 12. Bf4 Ng4 13. h3 Nge5 14. Nxe5 Nxe5
15. c5 Bf6 16. cxd6 Qxd6 17. Bxa6 Bxa6 18. Rxd6 Bxe2 19. Nxe2 Nc4 20. Rc6 Rfc8
21. Rxc8+ Rxc8 22. e5 Nxe5 23. Rc1 Ra8 24. Bxe5 Bxe5 25. Rc2 g5 26. b3 h5 27.
Nc1 Rd8 28. Kf1 Kg7 29. Ke2 Kg6 30. Nd3 Bd4 31. a4 g4 32. hxg4 hxg4 33. Nb4 Bc5
34. Rc4 Kf5 35. Nc2 g3 36. fxg3 Rg8 37. b4 Bd6 38. Rc6 Bxg3 39. Rxb6 Be5 40. Ne1
Ke4 41. Rc6 Rg3 42. a5 Bc3 43. Kf2 Bxe1+ 44. Kxe1 Rxg2 45. a6 Ra2 46. b5 e5 47.
Rc7 Ke3 48. Kd1 f5 49. a7 f4 50. b6 f3 51. Rf7 f2 52. Rf8 e4 53. b7 1-0

[Event "1st Qinhuangdao Open"]
[Site "Qinhuangdao CHN"]
[Date "2011.10.02"]
[Round "2"]
[White "Sandipan, Chanda"]
[Black "Liu, Qingnan"]
[Result "1/2-1/2"]
[WhiteTitle "GM"]
[BlackTitle "IM"]
[WhiteElo "2640"]
[BlackElo "2430"]
[WhiteFideId "5004225"]
[BlackFideId "8603294"]
[EventDate "2011.10.01"]

1. d4 Nf6 2. c4 e6 3. Nc3 d5 4. cxd5 exd5 5. Bg5 Bb4 6. e3 c5 7. Bd3 c4 8. Bc2
Qa5 9. Ne2 Nbd7 10. O-O O-O 11. a3 Bxc3 12. Nxc3 Re8 13. f3 h6 14. Bxf6 Nxf6 15.
e4 dxe4 16. fxe4 Rd8 17. e5 Nd5 18. Qf3 Be6 19. Ne4 Rac8 20. Nd6 Qd2 21. Rf2
Qxd4 22. Rd1 Qc5 23. Nxb7 Qb6 24. Nxd8 Rxd8 25. Bf5 Rd7 26. Bxe6 fxe6 27. Kh1
Qc5 28. Rdf1 Ne3 29. Qa8+ Kh7 30. Qe4+ Nf5 31. Rxf5 Rd4 32. Qb1 exf5 33. Qxf5+ 1/2-1/2

[Event "1st Qinhuangdao Open"]
[Site "Qinhuangdao CHN"]
[Date "2011.10.02"]
[Round "2"]
[White "Ma, Zhonghan"]
[Black "Zhou, Weiqi"]
[Result "0-1"]
[BlackTitle "GM"]
[WhiteElo "2394"]
[BlackElo "2598"]
[WhiteFideId "8607206"]
[BlackFideId "8601674"]
[EventDate "2011.10.01"]

1. Nf3 Nf6 2. c4 b6 3. d4 e6 4. g3 Bb4+ 5. Bd2 Bxd2+ 6. Qxd2 Ba6 7. Qc2 c5 8.
Bg2 Nc6 9. Qa4 Bb7 10. dxc5 bxc5 11. O-O Qb6 12. Qb5 Rb8 13. Nc3 Qxb5 14. Nxb5
Ke7 15. b3 Ne4 16. Rfc1 f5 17. Nc3 Nxc3 18. Rxc3 Ba8 19. e3 a5 20. Ne1 g5 21.
Nd3 d6 22. f4 gxf4 23. gxf4 Rhg8 24. Kf2 Ne5 25. Bxa8 Ng4+ 26. Ke2 Rxa8 27. Rh1 0-1

[Event "1st Qinhuangdao Open"]
[Site "Qinhuangdao CHN"]
[Date "2011.10.02"]
[Round "2"]
[White "Zhao, Jun"]
[Black "Zhang, Ziyang"]
[Result "1/2-1/2"]
[WhiteTitle "GM"]
[BlackTitle "IM"]
[WhiteElo "2587"]
[BlackElo "2414"]
[WhiteFideId "8602522"]
[BlackFideId "8601682"]
[EventDate "2011.10.01"]

1. c4 Nf6 2. Nc3 e6 3. d4 d5 4. cxd5 exd5 5. Bg5 c6 6. Qc2 Be7 7. e3 Nbd7 8. Bd3
Nh5 9. Bxe7 Qxe7 10. Nge2 Nb6 11. O-O-O Bd7 12. Kb1 g6 13. Nc1 Ng7 14. f3 O-O-O
15. Rhe1 Kb8 16. Nb3 Rhe8 17. Qf2 Be6 18. h3 h5 19. a3 Nf5 20. Bc2 Qh4 21. Qg1
Ka8 22. e4 dxe4 23. fxe4 1/2-1/2

[Event "1st Qinhuangdao Open"]
[Site "Qinhuangdao CHN"]
[Date "2011.10.02"]
[Round "3"]
[White "Ding, Liren"]
[Black "Munkhgal, Gombosuren"]
[Result "1-0"]
[WhiteTitle "GM"]
[BlackTitle "FM"]
[WhiteElo "2659"]
[BlackElo "2348"]
[WhiteFideId "8603677"]
[BlackFideId "4901266"]
[EventDate "2011.10.01"]

1. d4 Nf6 2. c4 e6 3. Nf3 d5 4. Nc3 Bb4 5. cxd5 exd5 6. Bg5 Nbd7 7. e3 c5 8. Rc1
Qa5 9. Nd2 O-O 10. a3 Bxc3 11. Rxc3 cxd4 12. exd4 Qb6 13. Be3 Re8 14. Be2 Nf8
15. O-O Bf5 16. Qb3 Qd6 17. f3 Rac8 18. Re1 Rxc3 19. Qxc3 Ng6 20. g3 h5 21. Bb5
Rc8 22. Qb4 Qxb4 23. axb4 Rc2 24. b3 a6 25. Be2 Nf8 26. Kf2 Ne6 27. Ra1 Nc7 28.
Ra5 b5 29. Ra1 Nd7 30. g4 Bg6 31. Bd1 Rc3 32. g5 Bf5 33. Nf1 h4 34. Bd2 Rc6 35.
Ne3 Bd3 36. Ng2 Ne6 37. Ke3 Bf1 38. Nxh4 Nxg5 39. Kf2 Nxf3 40. Nxf3 Bd3 41. Rc1
Rxc1 42. Bxc1 f6 43. Ne1 Be4 44. Be2 Nb8 45. Bd2 Nc6 46. Bc3 a5 47. bxa5 b4 48.
Bxb4 Nxb4 49. a6 Nc6 50. b4 Na7 51. b5 Nc8 52. Nd3 Bxd3 53. Bxd3 Kf7 54. Bf5 Nb6
55. a7 Ke7 56. Bc8 1-0

[Event "1st Qinhuangdao Open"]
[Site "Qinhuangdao CHN"]
[Date "2011.10.02"]
[Round "3"]
[White "Batchuluun, Tsegmed"]
[Black "Bu, Xiangzhi"]
[Result "1/2-1/2"]
[WhiteTitle "IM"]
[BlackTitle "GM"]
[WhiteElo "2435"]
[BlackElo "2666"]
[WhiteFideId "4900847"]
[BlackFideId "8601445"]
[EventDate "2011.10.01"]

1. d4 d5 2. c4 c6 3. Nf3 Nf6 4. e3 g6 5. Nc3 Bg7 6. Be2 O-O 7. O-O b6 8. b3 Bb7
9. Bb2 e6 10. Qc2 Nbd7 11. Rad1 Qc7 12. e4 Nxe4 13. Nxe4 dxe4 14. Qxe4 c5 15.
Qe3 Rad8 16. Bc3 Bxf3 17. Bxf3 cxd4 18. Bxd4 Ne5 19. Be2 Nc6 20. Bxg7 Kxg7 21.
c5 Ne7 22. cxb6 axb6 23. Rc1 Qd6 24. Rfd1 Nd5 25. Qd4+ Kg8 26. Bf3 Qa3 27. Bxd5
Rxd5 28. Qxb6 Qxa2 29. Rxd5 exd5 30. Rd1 Qc2 31. Qd4 Qxb3 32. Qxd5 Qxd5 1/2-1/2

[Event "1st Qinhuangdao Open"]
[Site "Qinhuangdao CHN"]
[Date "2011.10.02"]
[Round "3"]
[White "Gu, Xiaobing"]
[Black "Dzhumaev, Marat"]
[Result "0-1"]
[WhiteTitle "WGM"]
[BlackTitle "GM"]
[WhiteElo "2335"]
[BlackElo "2492"]
[WhiteFideId "8602611"]
[BlackFideId "14200236"]
[EventDate "2011.10.01"]

1. e4 Nf6 2. Nc3 d5 3. e5 Nfd7 4. f4 c5 5. Nf3 Nc6 6. g3 e6 7. Bh3 Be7 8. Qe2
Nd4 9. Nxd4 cxd4 10. Nd1 Nb8 11. O-O Nc6 12. a3 Bd7 13. b4 Rc8 14. Bb2 Qb6 15.
d3 a5 16. f5 exf5 17. Bxf5 Bxf5 18. Rxf5 axb4 19. e6 f6 20. Rxd5 O-O 21. a4 Ne5
22. Bxd4 Qxe6 23. Ne3 Nc6 24. Bb6 b3 25. cxb3 Nb4 26. Rb5 Nc2 27. Ra2 Bd8 28.
Ba7 b6 29. Rxc2 Rxc2 30. Qxc2 Qxe3+ 31. Qf2 Qxd3 32. Qf5 Qe3+ 33. Qf2 Qe7 34.
Bb8 Re8 35. Bf4 Qe4 36. Qd2 Kh8 37. a5 Qc6 38. Qd5 Qc2 39. Be3 h6 40. Bf2 bxa5
41. Rb8 Qc7 42. Rb7 Qc1+ 43. Kg2 Rg8 44. Rb8 Qc7 45. Ra8 Re8 46. Kg1 Qc1+ 47.
Kg2 Rg8 48. Rb8 Qc7 49. Ra8 Qe7 50. Bb6 Qe2+ 51. Bf2 Qe7 52. Ra7 Qe5 53. Qd7
Qe4+ 54. Kh3 Qf3 55. Qd2 f5 56. Bd4 Qf1+ 57. Qg2 Qd1 58. Qd5 Bf6 59. Ra8 Qf1+ 0-1

[Event "1st Qinhuangdao Open"]
[Site "Qinhuangdao CHN"]
[Date "2011.10.02"]
[Round "3"]
[White "Jia, Haoxiang"]
[Black "Zhai, Mo"]
[Result "1-0"]
[BlackTitle "WFM"]
[WhiteElo "2369"]
[BlackElo "2205"]
[WhiteFideId "8602999"]
[BlackFideId "8600201"]
[EventDate "2011.10.01"]

1. Nf3 Nf6 2. d4 e6 3. c4 Bb4+ 4. Nbd2 O-O 5. a3 Be7 6. e4 d5 7. Bd3 c5 8. dxc5
dxe4 9. Nxe4 Nxe4 10. Bxe4 Qxd1+ 11. Kxd1 a5 12. Ke2 f5 13. Bc2 Nc6 14. Be3 e5
15. Rhd1 Be6 16. Rd5 Rfc8 17. Rad1 Bxd5 18. cxd5 Nd4+ 19. Bxd4 exd4 20. b4 axb4
21. axb4 Ra2 22. Rd2 Re8 23. Kd3 Rb2 24. Ba4 Rxd2+ 25. Nxd2 Ra8 26. Bd7 Bf6 27.
Nc4 Kf7 28. Bxf5 g6 29. Be4 Ra1 30. b5 Rd1+ 31. Kc2 Ra1 32. Kd3 Rd1+ 33. Kc2 Rf1
34. Kd3 Rd1+ 35. Kc2 Rf1 36. c6 bxc6 37. dxc6 Rxf2+ 38. Kd3 Ke7 39. b6 1-0

[Event "1st Qinhuangdao Open"]
[Site "Qinhuangdao CHN"]
[Date "2011.10.02"]
[Round "3"]
[White "Li, Chao b"]
[Black "Zhou, Weiqi"]
[Result "0-1"]
[WhiteTitle "GM"]
[BlackTitle "GM"]
[WhiteElo "2710"]
[BlackElo "2598"]
[WhiteFideId "8604436"]
[BlackFideId "8601674"]
[EventDate "2011.10.01"]

1. d4 Nf6 2. c4 e6 3. g3 Bb4+ 4. Nc3 c5 5. Nf3 cxd4 6. Nxd4 Ne4 7. Qd3 Bxc3+ 8.
bxc3 Nc5 9. Qc2 b6 10. Bg2 Bb7 11. Bxb7 Nxb7 12. Qe4 Nc6 13. Nxc6 dxc6 14. O-O
O-O 15. Ba3 Nc5 16. Bxc5 bxc5 17. Qxc6 Qd2 18. Qf3 Rfd8 19. a4 Rab8 20. Kg2 h6
21. a5 a6 22. Rfe1 Rb2 23. Rab1 Qc2 24. Rxb2 Qxb2 25. Qe3 Qa3 26. Rb1 Qxa5 27.
Rb7 Qa2 28. Qe4 a5 29. Ra7 a4 30. Ra8 Rxa8 31. Qxa8+ Kh7 32. Qe4+ Kg8 33. Qa8+
Kh7 34. Qe4+ f5 35. Qxe6 Qc2 36. Qa6 f4 37. Kh3 Qxe2 38. Qxa4 Qh5+ 39. Kg2 f3+
40. Kf1 Qxh2 0-1

[Event "1st Qinhuangdao Open"]
[Site "Qinhuangdao CHN"]
[Date "2011.10.02"]
[Round "3"]
[White "Nguyen, Ngoc Truong Son"]
[Black "Tan, Zhongyi"]
[Result "1-0"]
[WhiteTitle "GM"]
[BlackTitle "WGM"]
[WhiteElo "2644"]
[BlackElo "2429"]
[WhiteFideId "12401110"]
[BlackFideId "8603642"]
[EventDate "2011.10.01"]

1. d4 d5 2. c4 e6 3. Nf3 Nf6 4. g3 dxc4 5. Bg2 Nc6 6. O-O Rb8 7. Bg5 Be7 8. e3
b5 9. a4 a6 10. axb5 axb5 11. b3 cxb3 12. Qxb3 h6 13. Bxf6 Bxf6 14. Rc1 Bd7 15.
Ra6 Ne7 16. Nbd2 Qc8 17. Ra2 O-O 18. Ne4 Nd5 19. Nxf6+ Nxf6 20. Ne5 Rb6 21. Ra7
c6 22. Qb4 Be8 23. Qe7 Ra6 24. Rc7 Qb8 25. Rb7 Qc8 26. Ng6 Bd7 27. Qxf8+ Qxf8
28. Nxf8 Kxf8 29. Rc7 Ke7 30. Bxc6 Rb6 31. Bxd7 Nxd7 32. R1c6 Rb8 33. Ra7 Ke8
34. Rcc7 1-0

[Event "1st Qinhuangdao Open"]
[Site "Qinhuangdao CHN"]
[Date "2011.10.02"]
[Round "3"]
[White "Liu, Qingnan"]
[Black "Pantsulaia, Levan"]
[Result "0-1"]
[WhiteTitle "IM"]
[BlackTitle "GM"]
[WhiteElo "2430"]
[BlackElo "2614"]
[WhiteFideId "8603294"]
[BlackFideId "13602071"]
[EventDate "2011.10.01"]

1. e4 c6 2. d4 d5 3. e5 Bf5 4. Nf3 e6 5. Be2 Nd7 6. O-O Ne7 7. Nh4 Be4 8. Nd2 c5
9. Nxe4 dxe4 10. g3 Qb6 11. c3 Nc6 12. d5 Ncxe5 13. Bf4 O-O-O 14. dxe6 Qxe6 15.
Qa4 f5 16. Qxa7 Be7 17. Bb5 Nb8 18. f3 g5 19. Bc4 Qf6 20. Bxe5 Qxe5 21. f4 gxf4
22. Rxf4 Bxh4 23. Rxh4 Nc6 24. Qa4 Rd2 25. Rh6 f4 26. Rd1 Rxd1+ 27. Qxd1 f3 28.
Re6 Rd8 29. Qe1 Qf5 30. Qxe4 Qxe4 31. Rxe4 Rd2 32. Re3 Rg2+ 33. Kh1 Rf2 34. h4
Kc7 35. Bd5 Rxb2 36. Rxf3 Ne5 37. Rf5 Kd6 38. c4 Ng4 39. a4 Rb1+ 0-1

[Event "1st Qinhuangdao Open"]
[Site "Qinhuangdao CHN"]
[Date "2011.10.02"]
[Round "3"]
[White "Pham, Le Thao Nguyen"]
[Black "Ganguly, Surya Shekhar"]
[Result "0-1"]
[WhiteTitle "WGM"]
[BlackTitle "GM"]
[WhiteElo "2362"]
[BlackElo "2631"]
[WhiteFideId "12401226"]
[BlackFideId "5002150"]
[EventDate "2011.10.01"]

1. d4 Nf6 2. Bf4 g6 3. e3 d6 4. Nf3 Bg7 5. Be2 Nbd7 6. h3 c5 7. c3 b6 8. Nbd2
Bb7 9. O-O O-O 10. a4 a6 11. Bg3 Ra7 12. Qb1 Qa8 13. Rd1 Ne4 14. Nxe4 Bxe4 15.
Qa2 Qb7 16. Qb3 Raa8 17. Ne1 Nf6 18. Bh4 Rab8 19. Bf3 Rfc8 20. Bxe4 Qxe4 21.
Bxf6 Bxf6 22. Nf3 Qc6 23. Qc2 b5 24. axb5 axb5 25. Qe2 b4 26. d5 Qb7 27. c4 Ra8
28. Rab1 Ra2 29. e4 Qd7 30. Kh2 Bg7 31. g3 Rca8 32. Kg2 R8a3 33. Rd2 Ra6 34. Re1
Ra8 35. e5 Qf5 36. h4 h6 37. Qe3 Ra1 38. exd6 exd6 39. Rxa1 Rxa1 40. Re2 Kh7 41.
Ne1 Bd4 42. Qd2 Qb1 43. Qf4 Qf5 44. Qxf5 gxf5 45. Nc2 Rc1 46. Nxd4 cxd4 47. b3
Rc3 48. Rd2 Rxb3 49. Rxd4 Ra3 50. c5 dxc5 51. Rc4 Rc3 52. Rxc3 bxc3 53. d6 c2
54. d7 c1=Q 55. d8=Q Qc4 56. Qd6 Qd4 57. Qc7 Kg7 58. Qc8 Qd5+ 59. Kh2 c4 60. Kg1
Qd1+ 61. Kg2 Qd3 62. Qc5 Qe4+ 63. Kh2 f4 64. g4 Kh7 65. Qc7 Kg8 66. g5 Qd4 67.
Kg2 hxg5 68. hxg5 Kg7 69. Kf3 c3 70. Kg4 f3+ 71. Kh5 Kg8 72. Qc8+ Kg7 73. Qc7
Qd3 74. Qe5+ Kh7 75. Qc7 Qf5 76. Kh4 c2 77. Qc4 Kg8 78. Qc7 Qd3 79. Qb8+ Kh7 80.
Qc7 Kg6 81. Qc6+ Kg7 82. Qc7 Qd4+ 83. Kh5 Qe4 84. Qc3+ Kg8 85. Qc8+ Kh7 86. Qc7
Kg7 87. Qc3+ Kf8 88. Qc8+ Ke7 89. Qc7+ Ke6 90. Qc5 Kd7 91. Qa7+ Kd6 92. Qb8+ Kd5
93. Qb7+ Kd4 94. Qb2+ Kd3 95. Qc1 Kc3 96. g6 fxg6+ 97. Kh6 Kd3 98. Kg5 Ke2 0-1

[Event "1st Qinhuangdao Open"]
[Site "Qinhuangdao CHN"]
[Date "2011.10.02"]
[Round "3"]
[White "Wang, Xiaohui"]
[Black "Zhang, Xiaowen"]
[Result "1/2-1/2"]
[WhiteTitle "WIM"]
[BlackTitle "WGM"]
[WhiteElo "2210"]
[BlackElo "2387"]
[WhiteFideId "8603073"]
[BlackFideId "8603219"]
[EventDate "2011.10.01"]

1. d4 Nf6 2. c4 g6 3. Nc3 Bg7 4. g3 O-O 5. Bg2 d6 6. e4 Nc6 7. Nge2 e5 8. d5 Ne7
9. O-O Nd7 10. Be3 f5 11. f3 Kh8 12. b4 a5 13. a3 Nf6 14. Qd2 Neg8 15. c5 axb4
16. axb4 Rxa1 17. Rxa1 fxe4 18. Nxe4 Nxe4 19. fxe4 Bd7 20. Nc3 Qc8 21. Rf1 Rxf1+
22. Bxf1 Nf6 23. Bg2 Ng4 24. Bg5 dxc5 25. bxc5 Bf8 26. d6 cxd6 27. h3 Qxc5+ 28.
Kh1 h6 29. hxg4 hxg5 30. Nd5 Be6 31. Qxg5 Bxd5 32. exd5 Qc2 33. Qf6+ Kg8 34.
Qe6+ Kh7 35. Qd7+ Bg7 36. Qxd6 Qc1+ 37. Kh2 Qh6+ 38. Bh3 Qd2+ 39. Bg2 e4 40. Qe7
Qxd5 41. Qxe4 1/2-1/2

[Event "1st Qinhuangdao Open"]
[Site "Qinhuangdao CHN"]
[Date "2011.10.02"]
[Round "3"]
[White "Wang, Jue"]
[Black "Gao, Rui"]
[Result "0-1"]
[BlackTitle "IM"]
[WhiteElo "2312"]
[BlackElo "2424"]
[WhiteFideId "8604070"]
[BlackFideId "8602387"]
[EventDate "2011.10.01"]

1. e4 c5 2. Nf3 d6 3. d4 cxd4 4. Nxd4 Nf6 5. Nc3 a6 6. f4 e6 7. Be2 Qc7 8. a4
Nc6 9. Be3 Be7 10. O-O O-O 11. Kh1 Re8 12. Bf3 Bf8 13. Qd2 Na5 14. Qf2 Nc6 15.
Qd2 Na5 16. Qf2 Nc4 17. Bc1 e5 18. Nde2 d5 19. fxe5 Nxe5 20. Bf4 dxe4 21. Bxe4
Nxe4 22. Nxe4 Ng4 23. Bxc7 Nxf2+ 24. Rxf2 Rxe4 25. Ng3 Rc4 26. Be5 f6 27. b3 Rc6
28. Bb2 Be6 29. Ne4 Rac8 30. c4 Rb6 31. Nd2 Rd8 32. Ne4 Rc8 33. Nd2 Rd8 34. Bc3
Rd3 35. Bb2 Rd8 36. Bc3 Rd3 37. Ba5 Rc6 38. Rf3 Rcd6 39. Rxd3 Rb6 40. Bc3 Rc6
41. Ba5 Rd6 42. Rf3 Rd3 43. Ra2 Bc5 44. Rc2 Bf5 45. Ra2 Be6 46. Rc2 Bf5 47. h3
b6 48. Bc3 a5 49. Kh2 Bd6+ 50. Kg1 Rxf3 0-1

[Event "1st Qinhuangdao Open"]
[Site "Qinhuangdao CHN"]
[Date "2011.10.02"]
[Round "3"]
[White "Yu, Ruiyuan"]
[Black "Zhao, Jun"]
[Result "1/2-1/2"]
[BlackTitle "GM"]
[WhiteElo "2428"]
[BlackElo "2587"]
[WhiteFideId "8603090"]
[BlackFideId "8602522"]
[EventDate "2011.10.01"]

1. e4 e5 2. Nf3 Nf6 3. Nc3 Nc6 4. Bb5 Bb4 5. O-O d6 6. d3 O-O 7. Bg5 Bxc3 8.
bxc3 Bd7 9. Rb1 a6 10. Bxc6 Bxc6 11. Nd2 h6 12. Bh4 g5 13. Bg3 b5 14. Re1 Re8
15. Nf1 Bd7 16. Ne3 c6 17. f3 Nh5 18. d4 f6 19. Qd2 Be6 20. d5 cxd5 21. Nxd5
Nxg3 22. hxg3 Rc8 23. Re3 Rc5 24. Rd3 Bxd5 25. Rxd5 Qb6 26. Kf1 Rxd5 27. Qxd5+
Kg7 28. Rd1 Rd8 29. c4 bxc4 30. Qxc4 Qb5 31. Qxb5 axb5 32. Rd5 Ra8 33. Rxd6 Rxa2
34. Rb6 Rxc2 35. Rxb5 1/2-1/2

[Event "1st Qinhuangdao Open"]
[Site "Qinhuangdao CHN"]
[Date "2011.10.02"]
[Round "3"]
[White "Zhou, Jianchao"]
[Black "Ma, Qun"]
[Result "1/2-1/2"]
[WhiteTitle "GM"]
[WhiteElo "2628"]
[BlackElo "2455"]
[WhiteFideId "8603537"]
[BlackFideId "8603154"]
[EventDate "2011.10.01"]

1. d4 d5 2. c4 c6 3. Nf3 Nf6 4. Nc3 g6 5. e3 Bg7 6. h3 O-O 7. Bd3 Nbd7 8. O-O b6
9. a4 Ba6 10. b3 Re8 11. Bb2 dxc4 12. bxc4 e5 13. Qc2 exd4 14. exd4 Nh5 15. Rfe1
Qc7 16. Ne4 Nhf6 17. Neg5 Rxe1+ 18. Rxe1 Rf8 19. Ne5 Bc8 20. Qe2 Nxe5 21. dxe5
Nh5 22. Qe3 Bh6 23. c5 Ng7 24. cxb6 axb6 25. Bc4 b5 26. axb5 cxb5 27. Bb3 Qe7
28. h4 Be6 29. Bc2 1/2-1/2

[Event "1st Qinhuangdao Open"]
[Site "Qinhuangdao CHN"]
[Date "2011.10.02"]
[Round "3"]
[White "Zhang, Ziyang"]
[Black "Wen, Yang"]
[Result "1/2-1/2"]
[WhiteTitle "IM"]
[BlackTitle "GM"]
[WhiteElo "2414"]
[BlackElo "2547"]
[WhiteFideId "8601682"]
[BlackFideId "8602956"]
[EventDate "2011.10.01"]

1. d4 Nf6 2. Nf3 g6 3. g3 Bg7 4. Bg2 O-O 5. O-O d6 6. c4 Nc6 7. Nc3 Rb8 8. b3 a6
9. Bb2 b5 10. cxb5 axb5 11. Rc1 Na5 12. Qc2 b4 13. Ne4 Nxe4 14. Qxe4 c6 15. Rfd1
Bf5 16. Qh4 h6 17. Qf4 Qd7 18. e4 Bh3 19. Bxh3 Qxh3 20. e5 Rb5 21. Rc2 Rd5 22.
Re1 f5 23. Qh4 Qxh4 24. Nxh4 Kh7 25. exd6 exd6 26. Re7 g5 27. Ng2 f4 28. g4 Kg8
29. Ne1 Rf7 30. Re8+ Rf8 31. Re7 Rf7 32. Re8+ Rf8 33. Re7 Rf7 1/2-1/2

[Event "1st Qinhuangdao Open"]
[Site "Qinhuangdao CHN"]
[Date "2011.10.02"]
[Round "3"]
[White "Zeng, Chongsheng"]
[Black "Mu, Ke"]
[Result "1-0"]
[WhiteElo "2413"]
[BlackElo "2278"]
[WhiteFideId "8603847"]
[BlackFideId "8602778"]
[EventDate "2011.10.01"]

1. e4 e6 2. d4 d5 3. Nc3 Bb4 4. e5 c5 5. a3 Bxc3+ 6. bxc3 Qc7 7. Nf3 Ne7 8. h4
Nbc6 9. h5 Bd7 10. h6 gxh6 11. Bxh6 cxd4 12. cxd4 Nf5 13. Qd2 Rg8 14. Bf4 Rg7
15. Rb1 O-O-O 16. g3 Kb8 17. Bh3 Nfe7 18. Bg5 Rc8 19. Bf6 Rg6 20. Bf1 Ng8 21.
Bg5 h6 22. Bf4 Ka8 23. Bd3 Rg4 24. Kf1 Nce7 25. Bxh6 Nxh6 26. Rxh6 Nf5 27. Rh7
Nxd4 28. Nxd4 Rxd4 29. Rxf7 Rd8 30. Qg5 a5 31. Rb3 a4 32. Rc3 Qb6 33. Qe7 Bc6
34. Qg5 Bd7 35. Qe7 Bc6 36. Qc5 Qxc5 37. Rxc5 Rc8 38. f4 Ka7 39. Ke2 Kb6 40. Rc3
Rg8 41. Ke3 Rxd3+ 42. Kxd3 Rxg3+ 43. Kd4 Rg2 44. Rf6 Re2 45. Rf3 Bd7 46. Kd3 Re4
47. Re3 Bb5+ 48. Kd2 Rd4+ 49. Kc1 1-0

[Event "1st Qinhuangdao Open"]
[Site "Qinhuangdao CHN"]
[Date "2011.10.03"]
[Round "4"]
[White "Pantsulaia, Levan"]
[Black "Xiu, Deshun"]
[Result "1/2-1/2"]
[WhiteTitle "GM"]
[BlackTitle "GM"]
[WhiteElo "2614"]
[BlackElo "2540"]
[WhiteFideId "13602071"]
[BlackFideId "8603693"]
[EventDate "2011.10.01"]

1. Nf3 Nf6 2. g3 g6 3. Bg2 Bg7 4. c4 d5 5. cxd5 Nxd5 6. d4 Nb6 7. O-O Nc6 8. e3
O-O 9. Nc3 Re8 10. Re1 a5 11. Qe2 Be6 12. Nd2 a4 13. Rd1 f5 14. Rb1 Bf7 15. b3
axb3 16. axb3 Nd5 17. Bb2 Nxc3 18. Bxc3 Bd5 19. Qb5 e6 20. Ra1 Bxg2 21. Rxa8
Qxa8 22. Kxg2 Na7 23. Qd7 Qd8 24. Qa4 Nc6 25. Qb5 Qd5+ 26. Qxd5 exd5 27. Ra1 Bf8
28. Nf3 Bd6 29. Ne1 Kf7 30. Nd3 Ke6 31. Kf3 g5 32. Ke2 f4 33. Nc5+ Bxc5 34. dxc5
Kf5 35. Rd1 Ke6 36. Ra1 Kf5 37. Rd1 Rd8 38. gxf4 gxf4 39. Kf3 fxe3 40. fxe3 Ke6
41. b4 1/2-1/2

[Event "1st Qinhuangdao Open"]
[Site "Qinhuangdao CHN"]
[Date "2011.10.03"]
[Round "4"]
[White "Gundavaa, Bayarsaikhan"]
[Black "Li, Chao b"]
[Result "1/2-1/2"]
[WhiteTitle "IM"]
[BlackTitle "GM"]
[WhiteElo "2467"]
[BlackElo "2710"]
[WhiteFideId "4901045"]
[BlackFideId "8604436"]
[EventDate "2011.10.01"]

1. d4 d5 2. c4 c6 3. Nf3 Nf6 4. e3 g6 5. Nc3 Bg7 6. Be2 O-O 7. O-O dxc4 8. Bxc4
Bg4 9. h3 Bxf3 10. Qxf3 Nbd7 11. Rd1 e5 12. Bb3 Qe7 13. Bd2 a5 14. a3 e4 15. Qe2
Ne8 16. Rac1 Nd6 17. Na4 b5 18. Nc5 Nb6 19. a4 h5 20. Be1 Rfd8 21. Ra1 b4 22.
Rac1 Nd5 23. Rc2 Nf5 24. Bxd5 Rxd5 25. Nb3 Nh4 26. Rc5 Qg5 27. Qf1 Bf8 28. Rxd5
Qxd5 29. Nd2 Nf5 30. Rc1 Bd6 31. Qc4 Ne7 32. Qxd5 cxd5 33. Nb3 f5 34. f4 exf3
35. gxf3 g5 36. Kg2 Kf7 37. h4 gxh4 38. Bxh4 Ng6 39. Bf2 Ne7 40. Kh3 Ke6 41.
Nc5+ Bxc5 42. Rxc5 Rc8 43. Rxa5 Rc2 44. Bg3 Rxb2 45. Ra6+ Kd7 46. Ra7+ Ke6 47.
Ra6+ Kd7 48. Ra7+ Ke6 1/2-1/2

[Event "1st Qinhuangdao Open"]
[Site "Qinhuangdao CHN"]
[Date "2011.10.03"]
[Round "4"]
[White "Bu, Xiangzhi"]
[Black "Dzhumaev, Marat"]
[Result "1-0"]
[WhiteTitle "GM"]
[BlackTitle "GM"]
[WhiteElo "2666"]
[BlackElo "2492"]
[WhiteFideId "8601445"]
[BlackFideId "14200236"]
[EventDate "2011.10.01"]

1. d4 f5 2. g3 Nf6 3. Bg2 g6 4. Nf3 Bg7 5. O-O O-O 6. c4 d6 7. Nc3 Qe8 8. d5 Na6
9. Rb1 Bd7 10. b4 c6 11. dxc6 bxc6 12. a3 Ng4 13. Bb2 f4 14. h3 Nh6 15. gxf4
Rxf4 16. Qd2 Qf8 17. Na4 Bxb2 18. Nxb2 Rf6 19. Nd3 Nc7 20. Ng5 Nf5 21. Nc5 Be8
22. Nce4 Rd8 23. Nxf6+ exf6 24. Nf3 d5 25. cxd5 cxd5 26. Nd4 Nxd4 27. Qxd4 Ne6
28. Qxa7 d4 29. b5 Nf4 30. Qc7 Nxe2+ 31. Kh1 Bf7 32. b6 Nc3 33. b7 Nxb1 34. Rxb1
Rb8 35. Rd1 Qe8 36. Qf4 1-0

[Event "1st Qinhuangdao Open"]
[Site "Qinhuangdao CHN"]
[Date "2011.10.03"]
[Round "4"]
[White "Gao, Rui"]
[Black "Ding, Liren"]
[Result "0-1"]
[WhiteTitle "IM"]
[BlackTitle "GM"]
[WhiteElo "2424"]
[BlackElo "2659"]
[WhiteFideId "8602387"]
[BlackFideId "8603677"]
[EventDate "2011.10.01"]

1. e4 e6 2. d4 d5 3. Nc3 Nf6 4. e5 Nfd7 5. f4 c5 6. Nf3 Nc6 7. Be3 a6 8. Qd2 b5
9. a3 Rb8 10. dxc5 Bxc5 11. Bxc5 Nxc5 12. b4 Nd7 13. Bd3 Qb6 14. Qf2 f6 15. exf6
Qxf2+ 16. Kxf2 gxf6 17. f5 Nde5 18. Rhe1 O-O 19. fxe6 Bxe6 20. Ne2 Bf7 21. Ned4
Nxd4 22. Nxd4 Rfc8 23. Nb3 Rc3 24. Nc5 Bg6 25. Bxg6 hxg6 26. Re2 Ng4+ 27. Kg1
Ne3 28. Ra2 Rc8 29. a4 d4 30. Rd2 bxa4 31. Nxa4 Rxc2 32. Nc5 Rc1+ 33. Kf2 a5 34.
Nb3 R1c3 35. Nxa5 Ng4+ 36. Kf1 d3 37. g3 Rc1+ 38. Kg2 R8c2 39. Nb3 Rb1 40. Nc5
Rd1 41. Rdxc2 dxc2 42. Nb3 Rb1 43. Kh3 Ne3 44. Ra8+ Kh7 0-1